[Event "28th European Club Cup"]
[Site "Eilat ISR"]
[Date "2012.10.17"]
[Round "7.7"]
[White "Van De Griendt, Jan Willem"]
[Black "Brkic, Ante"]
[Result "0-1"]
[WhiteTitle "FM"]
[BlackTitle "GM"]
[WhiteElo "2318"]
[BlackElo "2575"]
[WhiteTeam "White Rose"]
[BlackTeam "Siroki Brijeg"]
[WhiteFideId "1002112"]
[BlackFideId "14506688"]
[EventDate "2012.10.11"]
[EventType "team-swiss"]

1. d4 Nf6 2. c4 e6 3. Nf3 Bb4+ 4. Bd2 Qe7 5. g3 Bxd2+ 6. Qxd2 Nc6 7. Nc3 d5 8.
Bg2 dxc4 9. O-O O-O 10. Ne5 Nxe5 11. dxe5 Nd7 12. f4 Rb8 13. Ne4 Nb6 14. Qa5 a6
15. Rfc1 Rd8 16. Kf2 h6 17. Nd2 Rd5 18. Bxd5 exd5 19. b3 Be6 20. bxc4 Nxc4 21.
Nxc4 dxc4 22. Rd1 b5 23. Qd2 b4 24. Qd4 c3 25. Rd3 c5 26. Qd6 Qa7 27. e4 c2 28.
f5 Bxa2 29. e6 fxe6 30. Rd2 exf5 31. Rxc2 b3 32. Rcxa2 bxa2 33. Rxa2 fxe4 34.
Ke3 c4+ 35. Kxe4 Re8+ 36. Kf3 Qe3+ 37. Kg2 Qe4+ 38. Kg1 Qb1+ 0-1

[Event "28th European Club Cup"]
[Site "Eilat ISR"]
[Date "2012.10.17"]
[Round "7.7"]
[White "Kurajica, Bojan"]
[Black "Townsend, M Paul"]
[Result "1-0"]
[WhiteTitle "GM"]
[WhiteElo "2558"]
[BlackElo "2240"]
[WhiteTeam "Siroki Brijeg"]
[BlackTeam "White Rose"]
[WhiteFideId "14400057"]
[BlackFideId "402320"]
[EventDate "2012.10.11"]
[EventType "team-swiss"]

1. Nf3 Nf6 2. d4 e6 3. g3 d5 4. Bg2 Be7 5. O-O O-O 6. c4 Nbd7 7. Nbd2 c6 8. Qc2
b6 9. e4 Bb7 10. b3 Rc8 11. Bb2 Qc7 12. Rac1 Qb8 13. e5 Ne8 14. cxd5 cxd5 15.
Qb1 Nc7 16. h4 h6 17. Nh2 Ba6 18. Rfd1 Nb5 19. Bf1 Qb7 20. Qd3 Nb8 21. Qe3 Na3
22. f4 Rxc1 23. Rxc1 Rc8 24. Ndf3 Bxf1 25. Nxf1 a5 26. g4 Rxc1 27. Qxc1 Nb5 28.
a4 Na7 29. f5 Qc8 30. Qb1 Nbc6 31. Ne3 Nb4 32. Kf2 b5 33. g5 hxg5 34. hxg5 exf5
35. Nxf5 Bf8 36. Ne3 Qc6 37. Ba3 bxa4 38. Bxb4 axb4 39. bxa4 Qxa4 40. g6 Qc6 41.
gxf7+ Kxf7 42. e6+ Ke8 43. Qf5 Be7 44. Nxd5 Nc8 45. Qh5+ Kd8 46. Ne5 Qc2+ 47.
Kg3 Qb3+ 48. Kg4 Qd1+ 49. Nf3 Nd6 50. Nxb4 Qb3 51. Qa5+ Ke8 52. Qa8+ Bd8 53.
Qc6+ 1-0

[Event "28th European Club Cup"]
[Site "Eilat ISR"]
[Date "2012.10.17"]
[Round "7.7"]
[White "Barrett, Stephen J"]
[Black "Dizdarevic, Emir"]
[Result "1/2-1/2"]
[BlackTitle "GM"]
[WhiteElo "2225"]
[BlackElo "2491"]
[WhiteTeam "White Rose"]
[BlackTeam "Siroki Brijeg"]
[WhiteFideId "408727"]
[BlackFideId "14400049"]
[EventDate "2012.10.11"]
[EventType "team-swiss"]

1. d4 d5 2. c4 dxc4 3. e4 Nc6 4. Nf3 Bg4 5. Be3 Bxf3 6. gxf3 e6 7. Bxc4 Qf6 8.
Nc3 O-O-O 9. Qa4 Qxf3 10. Rg1 Bb4 11. d5 exd5 12. exd5 Bxc3+ 13. bxc3 Ne5 14.
Qxa7 Nxc4 15. Qa8+ Kd7 16. Qa4+ Kc8 17. Qa8+ Kd7 18. Qa4+ Kc8 19. Qa8+ 1/2-1/2

[Event "28th European Club Cup"]
[Site "Eilat ISR"]
[Date "2012.10.17"]
[Round "7.7"]
[White "Bogut, Zeljko"]
[Black "Gayson, Peter M"]
[Result "1-0"]
[WhiteTitle "IM"]
[WhiteElo "2441"]
[BlackElo "2207"]
[WhiteTeam "Siroki Brijeg"]
[BlackTeam "White Rose"]
[WhiteFideId "14505207"]
[BlackFideId "401838"]
[EventDate "2012.10.11"]
[EventType "team-swiss"]

1. e4 c5 2. Nf3 e6 3. b3 a6 4. Bb2 d5 5. exd5 exd5 6. d4 cxd4 7. Nxd4 Nf6 8. Be2
Bb4+ 9. Bc3 Bxc3+ 10. Nxc3 Qa5 11. Qd2 Nc6 12. Bf3 Nxd4 13. Qxd4 O-O 14. O-O Be6
15. b4 Qa3 16. Rab1 Rac8 17. Rb3 Rxc3 18. Qxc3 Qa4 19. Ra3 Qd7 20. Qd4 Rc8 21.
Rc3 h6 22. Rxc8+ Qxc8 23. c3 b5 24. Rd1 Kf8 25. Ra1 Qc6 26. h3 Nd7 27. Rd1 Nb6
28. Rd3 Qd6 29. Bd1 Nd7 30. a4 Ne5 31. Rg3 f6 32. axb5 axb5 33. Be2 Bd7 34. Re3
Nc6 35. Qb6 Qb8 36. Qc5+ 1-0

[Event "28th European Club Cup"]
[Site "Eilat ISR"]
[Date "2012.10.17"]
[Round "7.7"]
[White "O'driscoll, Kieran"]
[Black "Dimitrijevic, Aleksandra"]
[Result "0-1"]
[BlackTitle "WFM"]
[WhiteElo "2113"]
[BlackElo "2270"]
[WhiteTeam "White Rose"]
[BlackTeam "Siroki Brijeg"]
[WhiteFideId "2501899"]
[BlackFideId "929239"]
[EventDate "2012.10.11"]
[EventType "team-swiss"]

1. d4 d6 2. Nf3 Nf6 3. c4 c6 4. Nc3 Nbd7 5. g3 g6 6. Bg2 Bg7 7. O-O O-O 8. b3
Re8 9. Bb2 e5 10. Qc2 a5 11. Rad1 Qc7 12. e4 exd4 13. Nxd4 Nc5 14. Rfe1 Bg4 15.
f3 Bc8 16. Qd2 a4 17. b4 a3 18. bxc5 axb2 19. cxd6 Qxd6 20. Kh1 Nd7 21. Nde2 Qb4
22. Rb1 Rxa2 23. Qc2 Qxc4 24. Rxb2 Rxb2 25. Qxb2 b5 26. Qd2 b4 27. Nb1 Ne5 28.
Rc1 Qb5 29. Nd4 Qb6 30. Nb3 Be6 31. Nc5 Nc4 32. Qf2 b3 33. Bf1 Rd8 34. Kg2 Bd4 0-1

[Event "28th European Club Cup"]
[Site "Eilat ISR"]
[Date "2012.10.17"]
[Round "7.8"]
[White "Timofeev, Artyom"]
[Black "Roiz, Michael"]
[Result "1/2-1/2"]
[WhiteTitle "GM"]
[BlackTitle "GM"]
[WhiteElo "2631"]
[BlackElo "2618"]
[WhiteTeam "Schachgesellschaft Zürich"]
[BlackTeam "Beer Sheba"]
[WhiteFideId "4140419"]
[BlackFideId "2804158"]
[EventDate "2012.10.11"]
[EventType "team-swiss"]

1. d4 d5 2. c4 e6 3. Nc3 Nf6 4. Bg5 Be7 5. e3 O-O 6. cxd5 Nxd5 7. Bxe7 Qxe7 8.
Rc1 Nxc3 9. Rxc3 e5 10. dxe5 Qxe5 11. Nf3 Qe7 12. Qd4 c6 13. Bd3 Rd8 14. Qe4
Qxe4 15. Bxe4 Nd7 16. Nd4 Nf6 17. Bf3 Bg4 18. Bxg4 Nxg4 19. Ke2 Nf6 20. Rd1 g6
21. a3 Kf8 22. f3 Rd7 23. e4 Rad8 24. Rcd3 Ke7 25. b4 Ne8 26. g4 Nd6 27. Nc2 g5
28. Ne3 Nb5 29. Nf5+ Ke6 30. Ng7+ Ke7 31. Nf5+ Ke6 32. Ng7+ Ke7 33. Nf5+ 1/2-1/2

[Event "28th European Club Cup"]
[Site "Eilat ISR"]
[Date "2012.10.17"]
[Round "7.8"]
[White "Brunner, Lucas"]
[Black "Huzman, Alexander"]
[Result "0-1"]
[WhiteTitle "GM"]
[BlackTitle "GM"]
[WhiteElo "2448"]
[BlackElo "2591"]
[WhiteTeam "Schachgesellschaft Zürich"]
[BlackTeam "Beer Sheba"]
[WhiteFideId "1300024"]
[BlackFideId "2803828"]
[EventDate "2012.10.11"]
[EventType "team-swiss"]

1. Nf3 d5 2. d4 Nf6 3. c4 e6 4. Nc3 c6 5. cxd5 exd5 6. Bg5 h6 7. Bh4 Bf5 8. e3
Nbd7 9. Bd3 Bxd3 10. Qxd3 Bd6 11. Bg3 Bxg3 12. hxg3 Qe7 13. O-O-O O-O-O 14. Kb1
Kb8 15. Rc1 Ne4 16. Rc2 g5 17. Qe2 f5 18. Qd1 Rdf8 19. Re1 h5 20. Ree2 h4 21.
gxh4 g4 22. Ne1 g3 23. f3 Nf2 24. Qd2 Rxh4 25. Nd1 Re8 26. Nd3 Nxd3 27. Qxd3 Qg5
28. Re1 Nb6 29. b3 Nc8 30. Kb2 Nd6 31. Nc3 Rh7 32. Rce2 Rhe7 33. Kc2 Qh4 34. Kb2
Re6 35. Na4 b6 36. Nc3 Kb7 37. Kc2 R8e7 38. Kd2 Qh6 39. Kc2 Qf6 40. Kb2 a6 41.
Kc2 Re8 42. Kb2 Qe7 43. Kc2 Qf8 44. Kb2 Qf7 45. Kc2 Qe7 46. Kb2 Qf8 47. Rh1 Rh6
48. Rhe1 Rhe6 49. Rh1 b5 50. Rc1 Qe7 51. Rce1 a5 52. Kc2 Ka7 53. Kd2 a4 54. Rc1
Kb7 55. Rh1 Ra8 56. Rc1 axb3 57. axb3 Ra3 58. Qc2 Ra6 59. Rce1 Qd8 60. Rh1 Qe7
61. Rhe1 Qg7 62. Rh1 Re7 63. Rh4 Qf6 64. Rf4 Qg5 65. Na2 Rxa2 66. Qxa2 Ne8 67.
Qa3 Rf7 68. Re1 Qh6 69. Ra1 Nc7 70. Kd3 Qf6 71. Qa7+ Kc8 72. Qc5 Re7 73. Rh1 Qe6
74. Qc1 c5 75. dxc5 d4 76. Rxd4 Qxb3+ 77. Ke2 Nd5 78. Rxd5 Qxd5 79. Rd1 Qe5 80.
Qa3 b4 81. Qa6+ Rb7 82. c6 Qb5+ 83. Qxb5 Rxb5 84. Kd3 Rd5+ 85. Kc2 b3+ 0-1

[Event "28th European Club Cup"]
[Site "Eilat ISR"]
[Date "2012.10.17"]
[Round "7.8"]
[White "Nabaty, Tamir"]
[Black "Vogt, Lothar"]
[Result "1-0"]
[WhiteTitle "GM"]
[BlackTitle "GM"]
[WhiteElo "2586"]
[BlackElo "2397"]
[WhiteTeam "Beer Sheba"]
[BlackTeam "Schachgesellschaft Zürich"]
[WhiteFideId "2809052"]
[BlackFideId "4611292"]
[EventDate "2012.10.11"]
[EventType "team-swiss"]

1. e4 c5 2. Nf3 Nc6 3. d4 cxd4 4. Nxd4 g6 5. c4 Nf6 6. Nc3 d6 7. Be2 Nxd4 8.
Qxd4 Bg7 9. Bg5 O-O 10. Qe3 Be6 11. O-O Qa5 12. Rac1 Rac8 13. b3 Rfe8 14. f4 Qc5
15. Qxc5 Rxc5 16. Bh4 a6 17. Bf2 Rcc8 18. h3 Nd7 19. Rfd1 b5 20. Nd5 Bxd5 21.
cxd5 Bb2 22. Rc6 Nb8 23. Rxc8 Rxc8 24. a4 bxa4 25. bxa4 Ba3 26. Rb1 a5 27. Be1
Nd7 28. Bg4 f5 29. exf5 h5 30. Bd1 gxf5 31. Bxa5 Nf6 32. Bb6 Bc5+ 33. Bxc5 Rxc5
34. Ra1 Ra5 35. Bb3 Kf8 36. Kf2 Nxd5 37. Bxd5 Rxd5 38. a5 Rc5 39. a6 Rc8 40. Ra5
e6 41. a7 Ra8 42. Ke3 Ke7 43. Kd4 Kd7 44. Ra6 h4 45. Kc4 Kc7 46. Kb5 e5 47. fxe5
dxe5 48. Ra4 Kb7 49. Rxh4 Rg8 50. Ra4 Ka8 51. g4 f4 52. Kc5 Rd8 53. Re4 Rd3 54.
Rxe5 Rxh3 55. Rf5 f3 56. g5 Kxa7 57. Kd4 Kb7 58. Ke5 Rh8 59. Rxf3 Re8+ 60. Kd6 1-0

[Event "28th European Club Cup"]
[Site "Eilat ISR"]
[Date "2012.10.17"]
[Round "7.8"]
[White "Goldstern, Filip"]
[Black "Postny, Evgeny"]
[Result "1/2-1/2"]
[WhiteTitle "FM"]
[BlackTitle "GM"]
[WhiteElo "2334"]
[BlackElo "2647"]
[WhiteTeam "Schachgesellschaft Zürich"]
[BlackTeam "Beer Sheba"]
[WhiteFideId "1000730"]
[BlackFideId "2804344"]
[EventDate "2012.10.11"]
[EventType "team-swiss"]

1. c4 Nf6 2. Nc3 e5 3. Nf3 Nc6 4. d4 exd4 5. Nxd4 Bb4 6. Bg5 h6 7. Bh4 Bxc3+ 8.
bxc3 Ne5 9. e4 Ng6 10. Bxf6 Qxf6 11. Qd2 d6 12. f3 O-O 13. Nc2 Qh4+ 14. Qf2 Qe7
15. O-O-O f5 16. exf5 Bxf5 17. Ne3 Ne5 18. Nd5 Qf7 19. Qb2 c6 20. Ne3 Rad8 21.
f4 Ng4 22. Nxf5 Qxf5 23. g3 Ne3 24. Rd4 d5 25. Bd3 Qf6 26. cxd5 Nxd5 27. Bc4 Kh8
28. Bxd5 Rxd5 29. Rxd5 cxd5 30. Kb1 Rc8 31. Rc1 Rc6 32. Ka1 b5 33. Qxb5 Rxc3 34.
Kb1 Rxc1+ 35. Kxc1 Qc3+ 36. Kb1 Qe1+ 37. Kb2 Qf2+ 38. Ka1 Qd4+ 39. Qb2 Qg1+ 40.
Qb1 Qd4+ 41. Qb2 Qc5 42. Kb1 d4 43. Qc2 Qd5 44. Kc1 d3 45. Qc8+ Kh7 46. Kd2
Qxa2+ 47. Kxd3 Qb1+ 48. Kd2 a5 49. Qd7 Qb2+ 50. Ke1 Qc2 51. f5 Qe4+ 52. Kf2 Qe5
53. Qd3 Qf6 54. Qe4 Qb2+ 55. Kg1 Qb4 56. Qe6 Qg4 57. Kg2 a4 58. h3 Qg5 59. Qa2
Qxf5 60. Qxa4 Qd5+ 61. Kf2 Qd2+ 62. Kf3 Qd3+ 63. Kf2 Kg6 64. Qc6+ Kh7 65. Qf3
Qd2+ 1/2-1/2

[Event "28th European Club Cup"]
[Site "Eilat ISR"]
[Date "2012.10.17"]
[Round "7.8"]
[White "Greenfeld, Alon"]
[Black "Friedrich, Norbert"]
[Result "0-1"]
[WhiteTitle "GM"]
[BlackTitle "FM"]
[WhiteElo "2559"]
[BlackElo "2302"]
[WhiteTeam "Beer Sheba"]
[BlackTeam "Schachgesellschaft Zürich"]
[WhiteFideId "2800039"]
[BlackFideId "4602102"]
[EventDate "2012.10.11"]
[EventType "team-swiss"]

1. d4 d5 2. c4 c6 3. Nf3 Nf6 4. Nc3 e6 5. Bg5 Nbd7 6. e3 Qa5 7. cxd5 Nxd5 8. Qd2
N7b6 9. Bd3 Nxc3 10. bxc3 Nd5 11. O-O Qxc3 12. Qe2 Bd6 13. Nd2 Qa5 14. Nc4 Qc7
15. Nxd6+ Qxd6 16. Bh4 b6 17. Bg3 Qd7 18. e4 Ne7 19. d5 O-O 20. d6 Ng6 21. e5 f6
22. exf6 Rxf6 23. Qh5 Qf7 24. Be5 Nf8 25. Qg5 Rh6 26. Rae1 Bd7 27. Re3 Ng6 28.
Rf3 Qe8 29. Re1 Nxe5 30. Rxe5 Kh8 31. h4 c5 32. Be4 Rc8 33. h5 c4 34. g4 Kg8 35.
Qh4 c3 36. Bc2 Rc4 37. Kh2 Bc6 38. Rfe3 Qf7 39. Bf5 c2 40. Qd8+ Qf8 41. Qxf8+
Kxf8 42. Bxc2 Rxc2 43. Kg3 Rd2 44. Ra3 a5 45. Rb3 b5 46. a4 bxa4 47. Rb8+ Kf7
48. Rd8 Rf6 49. Rxa5 Rf3+ 50. Kh4 Rfxf2 51. Ra7+ Kf6 52. Rf8+ Ke5 53. Rxf2 Rxf2
54. Rxg7 Kxd6 55. Rxh7 a3 56. Ra7 a2 57. h6 Bd5 58. Kg5 Rf1 59. h7 Rh1 60. Kg6
Be4+ 61. Kf6 Bb1 62. Ra6+ Kc5 63. g5 Rxh7 64. Ra8 Kb6 0-1

[Event "28th European Club Cup"]
[Site "Eilat ISR"]
[Date "2012.10.17"]
[Round "7.10"]
[White "Volodin, Aleksandr"]
[Black "Popilski, Gil"]
[Result "0-1"]
[WhiteTitle "GM"]
[BlackTitle "IM"]
[WhiteElo "2509"]
[BlackElo "2475"]
[WhiteTeam "Team Viking"]
[BlackTeam "Rishon Le-Zion"]
[WhiteFideId "4501950"]
[BlackFideId "2809060"]
[EventDate "2012.10.11"]
[EventType "team-swiss"]

1. d4 Nf6 2. c4 g6 3. Nc3 d5 4. cxd5 Nxd5 5. e4 Nxc3 6. bxc3 Bg7 7. Be3 c5 8.
Nf3 Qa5 9. Nd2 cxd4 10. Nc4 Qd8 11. cxd4 f5 12. exf5 Bxf5 13. Qb3 Nc6 14. Rd1
Qd5 15. Qxb7 Rb8 16. Qa6 Nxd4 17. Na3 Kf8 18. Qa4 Rd8 19. Rd2 Qe4 20. Qd1 Bf6
21. Rg1 Bh4 22. g3 Nf3+ 23. Qxf3 Qxf3 24. Rxd8+ Kg7 25. Rxh8 Bf6 26. Rd8 Bc3+
27. Rd2 Bg4 28. Bd4+ Bxd4 0-1

[Event "28th European Club Cup"]
[Site "Eilat ISR"]
[Date "2012.10.17"]
[Round "7.10"]
[White "Baron, Tal"]
[Black "Lindberg, Bo"]
[Result "1-0"]
[WhiteTitle "GM"]
[BlackTitle "FM"]
[WhiteElo "2454"]
[BlackElo "2403"]
[WhiteTeam "Rishon Le-Zion"]
[BlackTeam "Team Viking"]
[WhiteFideId "2809958"]
[BlackFideId "1705997"]
[EventDate "2012.10.11"]
[EventType "team-swiss"]

1. e4 e5 2. Nf3 Nc6 3. Bb5 a6 4. Ba4 Nf6 5. O-O Be7 6. Re1 b5 7. Bb3 d6 8. c3
O-O 9. h3 Nb8 10. d4 Nbd7 11. Nbd2 Bb7 12. Bc2 Re8 13. a4 c5 14. b3 b4 15. dxe5
Nxe5 16. cxb4 cxb4 17. Bb2 Nfd7 18. Nd4 Nc5 19. Nf1 Bf6 20. Qd2 Ng6 21. Ng3 a5
22. Nh5 Bxe4 23. Bxe4 Nxe4 24. Rxe4 Rxe4 25. Nc6 Bxb2 26. Nxd8 Bxa1 27. Nxf7 Rf8
28. Ng5 Re5 29. f4 Nxf4 30. Nxf4 Bc3 31. Qd3 Re1+ 32. Kh2 Rxf4 33. Qd5+ Kf8 34.
Qxd6+ Ke8 35. Qc6+ Ke7 36. Qc7+ Ke8 37. Nf3 Ree4 38. Qxa5 h6 39. Qb5+ Kf8 40.
Qd5 Re7 41. a5 Rf6 42. Nd4 g6 43. Nc6 Ree6 44. Qc5+ Kg7 45. Nd4 Re4 46. Nf3 Re2
47. Qd5 Ra2 48. h4 Rf5 49. Qb7+ Kh8 50. Qc6 Kh7 51. Qb7+ Kg8 52. Qc6 Kg7 53.
Qb7+ Rf7 54. a6 Ra3 55. h5 Ra5 56. Qe4 Rxh5+ 57. Nh4 Rg5 58. Qe6 Bf6 59. Qe4 h5
60. Nf3 Rb5 61. Nd4 Rb6 62. Ne6+ Kh7 63. Nf4 Bg5 64. Ne6 Bh6 65. Qc4 Re7 66. Nc7
Rd6 67. a7 Bg7 68. a8=Q Be5+ 69. Kh3 g5 70. Qcg8+ Kh6 71. Qaf8+ Rg7 72. Qgxg7+ 1-0

[Event "28th European Club Cup"]
[Site "Eilat ISR"]
[Date "2012.10.17"]
[Round "7.10"]
[White "Cramling, Dan"]
[Black "Caspi, Israel"]
[Result "1/2-1/2"]
[WhiteTitle "IM"]
[BlackTitle "IM"]
[WhiteElo "2360"]
[BlackElo "2451"]
[WhiteTeam "Team Viking"]
[BlackTeam "Rishon Le-Zion"]
[WhiteFideId "1700162"]
[BlackFideId "2807394"]
[EventDate "2012.10.11"]
[EventType "team-swiss"]

1. Nf3 f5 2. d4 Nf6 3. g3 g6 4. Bg2 Bg7 5. c4 O-O 6. b3 c6 7. O-O Ne4 8. Qc2 d5
9. Ba3 Be6 10. Rc1 dxc4 11. bxc4 Bxd4 12. Nxd4 Qxd4 13. Bxe4 fxe4 14. e3 Qf6 15.
Nc3 Bh3 16. f4 exf3 17. Ne4 Qe6 18. Bb2 Nd7 19. Nf2 Nf6 20. Rd1 Rad8 21. Qc3 h5
22. Rd4 Bf5 23. e4 Bg4 24. Rad1 Rxd4 25. Rxd4 h4 26. gxh4 Bh5 27. a4 Qe5 28. Rd2
Qf4 29. Rd7 Qxh4 30. Qe5 Qxf2+ 31. Kxf2 Ng4+ 32. Kf1 Nxe5 33. Bxe5 f2 34. Rd2
Bf3 35. Kxf2 Bxe4+ 36. Ke3 Bf5 37. a5 Kf7 38. Rb2 Bc8 39. Bd4 a6 40. Rf2+ Bf5
41. Be5 Ke6 42. Bg3 Rd8 43. Rd2 Rxd2 44. Kxd2 c5 45. Bc7 Kd7 46. Bb6 Kd6 47. Ke2
Bb1 48. Kd2 e6 49. Ke2 Kc6 50. Kd2 Bf5 51. Ke3 Bh3 52. Kf2 Kd6 53. Ke2 e5 54.
Kd3 Bf1+ 55. Kc3 Kc6 56. Bd8 e4 57. Bg5 b5 58. axb6 Kxb6 59. Be3 Be2 60. Bg5 Kc6
61. Bd8 Bf1 62. Bg5 a5 63. Kb3 Be2 64. Be3 Bd1+ 65. Kc3 a4 66. Bc1 Bb3 67. Bf4
Bd1 68. Bc1 Be2 69. Be3 Kb6 70. Bf4 Bd1 71. Bc1 Kc7 72. Kd2 Bg4 73. Ke3 Be6 74.
Kxe4 Bxc4 75. Ke3 Kd6 76. Kd2 Kd5 77. Kc3 Bb3 78. Bh6 Bd1 79. Bc1 Bg4 80. Bb2
Be6 81. h4 Bf5 82. Bc1 Bb1 83. Ba3 Ba2 84. Bc1 Bb3 85. Ba3 Bd1 86. Bc1 Bg4 87.
Ba3 Be6 88. Bc1 Ke4 89. Ba3 c4 90. Bd6 Ke3 91. Be7 Ke2 92. Bd6 Kd1 93. Ba3 Bf7
94. Bb2 Be6 1/2-1/2

[Event "28th European Club Cup"]
[Site "Eilat ISR"]
[Date "2012.10.17"]
[Round "7.10"]
[White "Kaspi, Alexander"]
[Black "Sagit, Rauan"]
[Result "1-0"]
[WhiteTitle "IM"]
[BlackTitle "FM"]
[WhiteElo "2435"]
[BlackElo "2356"]
[WhiteTeam "Rishon Le-Zion"]
[BlackTeam "Team Viking"]
[WhiteFideId "2802910"]
[BlackFideId "1708376"]
[EventDate "2012.10.11"]
[EventType "team-swiss"]

1. d4 Nf6 2. c4 e6 3. Nc3 Bb4 4. e3 O-O 5. Bd3 c5 6. Ne2 cxd4 7. exd4 d5 8. cxd5
exd5 9. O-O Nc6 10. Bg5 Be7 11. f3 h6 12. Be3 Re8 13. Bf2 Bd6 14. Rc1 a6 15. Bb1
Bd7 16. a3 Ne7 17. g4 Qb8 18. h3 b5 19. Re1 b4 20. axb4 Qxb4 21. Rc2 Ng6 22. Rd2
Bf4 23. Nxf4 Nxf4 24. Kh2 Rxe1 25. Bxe1 Re8 26. Bg3 Ne6 27. Be5 Ng5 28. Kg2 h5
29. h4 Ne6 30. g5 Nh7 31. Nxd5 Qa5 32. Nc3 Nef8 33. Bg3 Qb6 34. d5 Ng6 35. Qg1
Qd8 36. Qd4 Bc8 37. Kf2 Nhf8 38. Bc2 Re7 39. f4 Rb7 40. f5 Ne7 41. f6 gxf6 42.
Ne4 Nh7 43. Nxf6+ Nxf6 44. Qxf6 Qf8 45. Be5 Ng6 46. Bc3 Bd7 47. Kg3 Rb4 48. Bxg6
Rg4+ 49. Kh2 Rxh4+ 50. Kg2 Rg4+ 51. Kh1 Rh4+ 52. Rh2 Rxh2+ 53. Kxh2 fxg6 54.
Qxg6+ Qg7 55. Qxg7# 1-0

[Event "28th European Club Cup"]
[Site "Eilat ISR"]
[Date "2012.10.17"]
[Round "7.10"]
[White "Pettersson, Anders1"]
[Black "Klenburg, Mikhail"]
[Result "0-1"]
[BlackTitle "IM"]
[WhiteElo "2274"]
[BlackElo "2366"]
[WhiteTeam "Team Viking"]
[BlackTeam "Rishon Le-Zion"]
[WhiteFideId "1709771"]
[BlackFideId "14102072"]
[EventDate "2012.10.11"]
[EventType "team-swiss"]

1. d4 d6 2. e4 Nf6 3. Nc3 g6 4. Be3 c6 5. a4 Bg7 6. h3 Qa5 7. Qd2 Nbd7 8. Nf3
O-O 9. Be2 e5 10. O-O Re8 11. dxe5 dxe5 12. Rfd1 Nf8 13. Qd6 Re6 14. Qa3 h6 15.
Bc5 N6d7 16. Bb4 Qd8 17. a5 Re8 18. Bc4 Ne6 19. Bxe6 Rxe6 20. Rd2 Qe8 21. Rad1
Bf6 22. Bd6 Be7 23. Bxe7 Qxe7 24. Qxe7 Rxe7 25. Rd6 Kg7 26. Ne1 Nc5 27. b4 Ne6
28. Na4 Nc7 29. f3 f6 30. Nd3 Kf7 31. Ndc5 Nb5 32. R6d2 Rb8 33. Nb3 Be6 34. Nac5
Bxb3 35. Nxb3 Nc3 36. Ra1 b6 37. Rd3 Ne2+ 38. Kf2 Nf4 39. Rd2 Rc7 40. axb6 axb6
41. Ke3 Ke7 42. g3 Ne6 43. Ra6 Rcb7 44. Nc1 Nc7 45. Ra2 Nb5 46. Ne2 Nd6 47. Kf2
Rd8 48. Nc3 Rbd7 49. Re2 Ke6 50. Ra6 Rb8 51. Rd2 Rc7 52. Na4 Rcb7 53. c4 Ke7 54.
c5 bxc5 55. bxc5 Nc4 56. Rc2 Rb4 57. Ra7+ Ke6 58. Rc1 Rd8 59. Rc2 Na3 60. Ra2
Nb5 61. Ra6 Nd4 62. Rb2 Rxb2+ 63. Nxb2 Rb8 64. Nd3 Rb3 65. Ke3 Rc3 66. Ra8 Rc2
67. Nb4 Rxc5 68. Rh8 Rc3+ 69. Nd3 Nxf3 70. Rxh6 Ne1 71. Kd2 Rxd3+ 72. Kxe1 Rxg3
73. Kf2 Rg5 74. h4 Rh5 75. Rxg6 Rxh4 76. Ke3 Rh3+ 77. Kd2 c5 78. Rg8 c4 79. Rc8
c3+ 0-1

[Event "28th European Club Cup"]
[Site "Eilat ISR"]
[Date "2012.10.17"]
[Round "7.11"]
[White "Bok, Benjamin"]
[Black "Gofshtein, Leonid"]
[Result "1-0"]
[WhiteTitle "IM"]
[BlackTitle "GM"]
[WhiteElo "2530"]
[BlackElo "2480"]
[WhiteTeam "Eynatten"]
[BlackTeam "Petach Tikva"]
[WhiteFideId "1017063"]
[BlackFideId "2801574"]
[EventDate "2012.10.11"]
[EventType "team-swiss"]

1. e4 g6 2. d4 Bg7 3. Nc3 d6 4. f4 Nf6 5. Bd3 e5 6. dxe5 dxe5 7. Nf3 Nfd7 8. O-O
Nc6 9. Nd5 O-O 10. f5 Ne7 11. Bg5 f6 12. Be3 Nb6 13. Nxb6 axb6 14. Bc4+ Kh8 15.
Qxd8 Rxd8 16. Nxe5 Rf8 17. Nf7+ Kg8 18. Nh6+ Kh8 19. Rad1 Ra4 20. Nf7+ Kg8 21.
Bb3 Rb4 22. Nd8+ Kh8 23. Bf4 Nc6 24. Bxc7 Nxd8 25. Rxd8 Rxe4 26. fxg6 hxg6 27.
Rf4 Rxf4 28. Rxf8+ Bxf8 29. Bxf4 Bc5+ 30. Kf1 g5 31. Bg3 b5 32. Bf2 Bd6 33. g3
Bf5 34. c3 Be4 35. Ke2 f5 36. Kd2 f4 37. Bc2 Bd5 38. a3 Kg7 39. Kd3 Bb8 40. Ke2
Kf6 41. Bd4+ Ke6 42. Kf2 g4 43. Bd3 Bc4 44. Bg6 Bd6 45. Bh5 Kf5 46. Be8 Ke6 47.
Bg6 Bd5 48. b4 Bc6 49. Bd3 Be5 50. Be2 f3 51. Bd3 Bf6 52. Bf1 Bxd4+ 53. cxd4 Kf5
54. Ke3 Kg5 55. h3 b6 56. hxg4 Kxg4 57. Kf2 Kg5 58. Bh3 Kf6 59. Bg4 Be8 60. Bxf3
Kf5 61. Ke3 Bd7 62. g4+ 1-0

[Event "28th European Club Cup"]
[Site "Eilat ISR"]
[Date "2012.10.17"]
[Round "7.11"]
[White "Nakar, Eylon"]
[Black "Dambacher, Martijn"]
[Result "1-0"]
[WhiteTitle "IM"]
[BlackTitle "IM"]
[WhiteElo "2397"]
[BlackElo "2471"]
[WhiteTeam "Petach Tikva"]
[BlackTeam "Eynatten"]
[WhiteFideId "2811111"]
[BlackFideId "1005030"]
[EventDate "2012.10.11"]
[EventType "team-swiss"]

1. e4 c5 2. Nf3 e6 3. d3 Nc6 4. g3 g6 5. Bg2 Bg7 6. O-O Nge7 7. c3 d5 8. Qe2 b6
9. Re1 d4 10. e5 dxc3 11. bxc3 Ba6 12. c4 Qd7 13. Bb2 Rd8 14. Bf1 Nf5 15. Nbd2
Nb4 16. g4 Ne7 17. Ne4 Qxd3 18. Nd6+ Rxd6 19. exd6 Qxe2 20. Rxe2 Bxb2 21. Rxb2
Bb7 22. a3 Na6 23. Bg2 Nc6 24. Ng5 Nab8 25. a4 h6 26. Ne4 Nd7 27. a5 Nce5 28.
axb6 axb6 29. Ra7 Nxc4 30. Rba2 Bc8 31. Rc7 Kd8 32. Raa7 f5 33. Bf1 Nde5 34.
Bxc4 Nxc4 35. Rxc8+ Kxc8 36. Ra8+ Kd7 37. Nf6+ 1-0

[Event "28th European Club Cup"]
[Site "Eilat ISR"]
[Date "2012.10.17"]
[Round "7.11"]
[White "Swinkels, Robin"]
[Black "Steinberg, Nitzan"]
[Result "1-0"]
[WhiteTitle "GM"]
[WhiteElo "2494"]
[BlackElo "2370"]
[WhiteTeam "Eynatten"]
[BlackTeam "Petach Tikva"]
[WhiteFideId "1010824"]
[BlackFideId "2801795"]
[EventDate "2012.10.11"]
[EventType "team-swiss"]

1. c4 e6 2. d4 d5 3. Nf3 Nf6 4. g3 Be7 5. Bg2 O-O 6. O-O b6 7. cxd5 exd5 8. Nc3
Bb7 9. Ne5 Na6 10. Bf4 c5 11. Rc1 Ne4 12. dxc5 Naxc5 13. Rc2 f5 14. Nf3 Bf6 15.
Nb5 Ne6 16. Nc7 Nxc7 17. Rxc7 Rf7 18. Rxf7 Kxf7 19. Be5 Rc8 20. Qa4 a6 21. Bxf6
Nxf6 22. Qf4 g6 23. Ng5+ Kg8 24. Qe5 Rc6 25. Rd1 Rd6 26. h3 h6 27. Nf3 Kf7 28.
Nd4 Qe7 29. Qf4 Kg7 30. Rc1 Rd7 31. Bf3 Ne4 32. h4 Qd6 33. h5 Qxf4 34. gxf4 Kf6
35. hxg6 Kxg6 36. Bg2 Kf6 37. Nxf5 h5 38. Nd4 a5 39. Bxe4 dxe4 40. e3 Bd5 41. a3
Rg7+ 42. Kh2 Rg4 43. b3 Rh4+ 44. Kg3 Rg4+ 45. Kh2 Rh4+ 46. Kg3 Rg4+ 47. Kh3 Bb7
48. Nc6 Rg8 49. Ne5 Bd5 50. Kh2 Bxb3 51. Rc6+ Be6 52. Rxb6 h4 53. f3 exf3 54.
Nxf3 Ke7 55. Nxh4 Rc8 56. f5 Rc2+ 57. Kg3 Bf7 58. Ng6+ Bxg6 59. Rxg6 Rc3 60. Kf4
Rxa3 61. Ra6 a4 62. e4 Ra1 63. Ke5 a3 64. Ra7+ Kd8 65. f6 a2 66. f7 Rf1 67. Ke6 1-0